000 00989cam a2200169 4500500
005 20260111094043.0
041 _afre
042 _adc
100 1 0 _aLéger, Nicolas
_eauthor
245 0 0 _aLe naufrage du spectateur
260 _c2021.
500 _a59
520 _aL’assignation contemporaine à la place du spectateur, notamment par l’industrie culturelle et les technologies numériques, conforte l’impuissance et nous rapproche du naufrage. Mais l’œuvre de fiction se présente comme une planche de salut et nous apprend à vivre le sursis.
520 _aThe contemporary assignment to the place of the spectator, especially through cultural industries and digital technologies, reinforces helplessness and brings us closer to shipwreck. But the work of fiction can teach us to live borrowed lives.
786 0 _nEsprit | 480 | 12 | 2021-11-24 | p. 41-47 | 0014-0759
856 4 1 _uhttps://shs.cairn.info/revue-esprit-2021-12-page-41?lang=fr&redirect-ssocas=7080
999 _c1627862
_d1627862